Score 0/10 Timer 02:30
0 Plays Today
Question Answer Wrong Answers
What is in the middle of the Argentinian flag? ???
98.1%
???
1.9%
What's the top-grossing US retail chain owned by one family? ???
90.6%
???
5.7%
The Luna 17 spacecraft was launched by which country in November 1970? ???
75.5%
???
9.4%
Who did Muhammad Ali fight in 'The Rumble in the Jungle'? ???
64.2%
???
15.1%
Winston Churchill was famous for smoking what? ???
62.3%
???
3.8%
The painting 'Devolved Parliament' by Banksy featured politicians as which animal? ???
39.6%
???
17%
Who was Clark Kent's high school sweetheart? ???
37.7%
???
11.3%
What was St Petersburg called for most of the 20th century? ???
22.6%
???
5.7%
Who was the actress who won the Best Actress Oscar in 2003? ???
17%
???
11.3%
Who were the first non European country to enter the Eurovision song contest? ???
13.2%
???
9.4%
Remove Ads.
Support Sporcle.
Get the best of Sporcle when you Go Orange. This ad-free experience offers more features, more stats, and more fun while also helping to support Sporcle. Thank you for becoming a member.

You're not logged in!

Compare scores with friends on all Sporcle quizzes.
OR
Log In

Sporcle TV

Today on Sporcle TV


Watch our educational content, quiz creation guides, and fun videos on Sporcle TV.

Show Comments

Extras

Top Quizzes Today


Score Distribution

Paid Content

Your Account Isn't Verified!

In order to create a playlist on Sporcle, you need to verify the email address you used during registration. Go to your Sporcle Settings to finish the process.

Report this User

Report this user for behavior that violates our Community Guidelines.

Details: